01283nam a2200265 a 450000100060000000300090000600800410001502000150005604000280007108200140009910000370011324500840015026000300023430000110026459000470027565000350032265000310035765000430038894200120043199900170044395201490046095201310060995201290074095201480086919749CO-ViMGA141112s2004 ck r 000 u spa d a8430604790 aCO-ViMGAbspacCO-ViMGA04a302 B744g1 aBriggs, Asa; Burke, Peter92858710aDe Gutenberg a Internet : bUna historia social de los medios de comunicación aMadrid : bTaurus, c2002 a425 p. aForma de adquisición : Premio Mincultura14aCIBERESPACIO - HISTORIA92858814aIMPRENTA - HISTORIA95490014aMEDIOS DE COMUNICACION DE MASAS920553 2ddccBK c28884d28884 00102ddc40708003aMEVIECARbMEVIECARd2015-12-04hVolumen. 1 | 11/jun/2009l0o302 B744g p19749r2015-12-04 00:00:00tEj. 1w2015-12-04yBK 00102ddc40708GENaMEBAUPIAbMEBAUPIAcGENd2023-10-13l0o302.23 B73dpBUP01108r2023-10-13 21:27:26tEj.1w2023-10-13yBK 00102ddc40708GENaMEPLOPEZbMEPLOPEZcGENd2025-04-10l0o302 B744gpPLZ00181r2025-04-10 08:40:03tEj.1w2025-04-10yBK 00102ddc40708GENaMECUMARAbMECUMARAcGENd2025-09-12fSALA GENERAL 3Al0o302 B744gpMECUM00734r2025-09-12 20:07:00tEj.1w2025-09-12yBK